| 000 | 00507nam a2200181 a 4500 | ||
|---|---|---|---|
| 001 | 0000352 | ||
| 003 | DO-SdBNP | ||
| 005 | 20180222104251.0 | ||
| 008 | 180222b xxu||||| |||| 00| 0 spa d | ||
| 040 |
_aBPMSU _bspa _cBPMSU |
||
| 100 | 1 | _aHernández, Virgilio | |
| 245 | 1 | 0 | _aAves de mi país : |
| 260 |
_aSanto Domingo : _bUTESA, _c1996. |
||
| 300 |
_a2v. _c26 cm. |
||
| 710 | _aUniversidad Tecnológica de Santiago (República Dominicana) | ||
| 942 |
_2ddc _cBK |
||
| 945 | _aValidado. Control de calidad MFF | ||
| 999 |
_c7952 _d7952 |
||